000 00952 a2200181 4500
003 NUST
005 20221229171843.0
040 _cNust
082 _a356.113,AHM
100 _aAhmad, Nadeem Rifat
_9106437
245 _aThe Gallant One :
_bWar Services of First Battalion The Baloch Regiment /
_c Nadeem Rifat Ahmad,
260 _aRawalpindi
_bBattalion
_c2012
300 _a236 p .;
505 _aThe Second Kandy War (Page-1), The Naning War (Page-12), Pacification of Upper Burma (Page-17), The Assault Landing at Sheikh (Page-27), Defence of the Suez Canal (Page-34), The Gallipoli Campaign (Page-39), The Western Front (Page-45), The North West Frontier (Page-74), The Campaign In Malaya (Page-81), The Kashmir War (Page-118), The September War (Page-127), The Shakargarh Salient (Page-147), The Sianchen Conflict (Page-153).
600 _aAhmad, Nadeem Rifat
_9106437
650 _a Baloch Regiment
_9106438
942 _2ddc
_cBK
_k356.113,AHM
999 _c198633
_d198633